Опись драматических сочинений на немецком языке

Доступно только в Электронных читальных залах Найти на картеНа карте
RUSMARC
00003759nmc2a22002533x 450
00102429a76-9306-435a-9869-88fdc2eabfac
00520240111081431.0
100##$a20230829l19021908k l0rusy0189 ca
1010#$arus
$ager
102##$aRU
105##$ay###
1222#$ad
2001#$aОпись драматических сочинений на немецком языке
$j30 ноября 1902 г. - 28 марта 1908 г.
215##$a143 л.
$d36х23 см
251##$cДело
300##$aНа русском и немецком языках
300##$aНа обложке указано: "От 2961-4472"
371##$aДокумент не является опубликованным и широко распространяемым
461#0$10019264ebf8-de62-4f1a-9eb4-9f22098dbbd5
$12001
$aДирекция императорских театров МИДв
$1251
$cФонд
$1852
$j497
462#0$1001381db54e-a696-4099-89f4-35150cf90640
$12001
$aДирекция императорских театров (1766-1917 гг.)
$1251
$cОпись
$1852
$j17
801#0$aRU
$bРГИА
$c20230829
$gRCR
801#1$aRU
$bГлавНИВЦ
$c20230829
$2rusmarc
801#2$aRU
$bПБ им. Б.Н. Ельцина
$c20240111
$gRCR
$2rusmarc
850##$aРГИА
852##$aРГИА
$eФедеральное казенное учреждение "Российский государственный исторический архив" (РГИА)
$j142
937##$hРГИА
$d12407329
$aASBIBLIO_SCAN
035##$aRusGRCC00064793
856##$uhttp://readingroom.main.prlib.ru/item.aspx?id_node=n190331161&mode=full
Формат отображения